Ecología: basada en zonas de vida

Saved in:
Bibliografiske detaljer
Hovedforfatter: Holdridge, Leslie R (Author)
Format: Bog
Sprog:spansk
Udgivet: San José IICA 1978
Serier:libros y Materiales Educativos, 34
Fag:
Tags: Tilføj Tag
Ingen Tags, Vær først til at tagge denne postø!

MARC

LEADER 00000nam a2200000 a 4500
001 UCR3694
003 CL-VaPUC
008 980130e19780000CR |||||||||||||||||spa|d
082 0 4 |a 581.524  |b HOL  |2 21 
100 0 |a Holdridge, Leslie R  |e author  |9 402858 
245 1 0 |a Ecología: basada en zonas de vida 
300 |a 216 p 
942 |c BK 
945 |d 19980130 00:00:00  |a jquezada 
260 |a San José  |b IICA  |c 1978 
650 0 |a Ecología   |9 258124 
650 0 |a Medio ambiente  |9 257625 
650 0 |a Atmósfera  |9 261875 
650 0 |a Agua  |9 257149 
650 0 |a Ecología humana   |9 263207 
650 7 |a TIERRA  |2 CL-VaPUC  |9 261538 
650 7 |a ECONOMIA DE LA TIERRA  |2 CL-VaPUC  |9 341263 
650 0 |a Productividad   |9 335972 
650 0 |a Evapotranspiración  |9 392211 
583 |a last modification  |c 20170406 03:00:01  |k Rodrigo Vera 
490 0 |a libros y Materiales Educativos, 34 
999 |c 266740  |d 266738